000 00573cam a22002053a 4500
001 40961
003 PGUSA
005 20140828083924.0
008 121006s2012||||xxu|||||s|||||000 | eng d
040 _aPGUSA
_beng
042 _adc
100 1 _aFyfe, H. B.
_q(Horace Bowne),
_d1918-1997
245 1 0 _aLuna Escapade
_h[electronic resource] /
_cH. B. Fyfe
260 _bProject Gutenberg,
_c2012
506 _aPublic domain in the USA.
516 _aElectronic text
830 0 _aProject Gutenberg
_v40961
856 4 0 _uhttp://www.gutenberg.org/ebooks/40961
942 _cEB
999 _c270213
_d270213